Quiz o Starożytnej Grecji - Statystyki

Ogólne statystyki
  • Ten quiz został rozwiązany 27 razy
  • Średni wynik to 7 z 9
Statystyki odpowiedzi
Podpowiedź Odpowiedź % Poprawnych
Stolicą Grecji były i są Ateny
100%
Kto był Bogiem mórz i oceanów Posejdon
100%
Najważniejszy Grecki Bóg Zeus
100%
Najpiękniejsza Grecka Bogini Afrodyta
96%
Jak nazywa się religia w której wierzy się w więcej niż jednego Boga Politeizm
87%
Góra na którą Grecy nie wychodzili , ponieważ twierdzili , że czeka ich tam śmierć Olimp
83%
Bóg , który był bratem Zeusa Hades
65%
Z kim Grecy najczęściej toczyli wojny Persja
65%
Na jakim półwyspie mieli swoją siedzibę Grecy Bałkański
52%
Nie znaleziono quizów pasujących do podanych kryteriów
Rozkład punktacji
Procent ludzi z każdym wynikiem
Percentyl według liczby udzielonych odpowiedzi
Twoja historia wyników
Nie rozwiązałeś tego quizu